| 000 | 00533cam a2200181 a 4500 | ||
|---|---|---|---|
| 020 | _a0072500069 (alk. paper) | ||
| 040 | _cDLC | ||
| 082 | 0 | 0 | _a370 HIL 2004 A008 Or. |
| 100 | 1 | _aSantrock, John W. | |
| 245 | 1 | 0 | _aEducational psychology / |
| 250 | _a2nd ed. | ||
| 260 |
_aBoston : _bMcGraw-Hill, _cc2004. |
||
| 300 |
_a1 v. (various pagings) : _bill. (some col.) ; _c28 cm. + _e1 CD-ROM (4 3/4 in.) |
||
| 650 | 0 | _aEducational psychology. | |
| 650 | 0 | _aLearning, Psychology of. | |
| 650 | 0 | _aMotivation in education. | |
| 942 | _cEK | ||
| 999 |
_c17135 _d17135 |
||